| 000 -LEADER |
| fixed length control field |
00391nam a2200145 4500 |
| 003 - CONTROL NUMBER IDENTIFIER |
| control field |
OSt |
| 005 - DATE AND TIME OF LATEST TRANSACTION |
| control field |
20210629114147.0 |
| 008 - FIXED-LENGTH DATA ELEMENTS--GENERAL INFORMATION |
| fixed length control field |
210629b ||||| |||| 00| 0 eng d |
| 020 ## - INTERNATIONAL STANDARD BOOK NUMBER |
| International Standard Book Number |
9789881566423 |
| 082 ## - DEWEY DECIMAL CLASSIFICATION NUMBER |
| Classification number |
725.51 |
| Item number |
REB |
| 110 ## - MAIN ENTRY--CORPORATE NAME |
| Corporate name or jurisdiction name as entry element |
Roberts, Rebel, [Editor] |
| 245 ## - TITLE STATEMENT |
| Title |
Specialized hospitals design and planning |
| 260 ## - PUBLICATION, DISTRIBUTION, ETC. (IMPRINT) |
| Place of publication, distribution, etc |
Hong Kong |
| Name of publisher, distributor, etc |
Design media publishing ltd., |
| Date of publication, distribution, etc |
2014 |
| 942 ## - ADDED ENTRY ELEMENTS (KOHA) |
| Source of classification or shelving scheme |
|